[Event "Russian Rapid Championship (m)"]
[Site "Sochi"]
[Date "2022.10.15"]
[Round "1.18"]
[White "Petrov, Nikita"]
[Black "Zhugin, Nikolay"]
[Result "1/2-1/2"]
[BlackElo "2024"]
[WhiteElo "2496"]
[LiveChessVersion "1.4.8"]

1. d4 {[%clk 0:15:18]} Nf6 {[%clk 0:15:17]} 2. Bg5 {[%clk 0:15:26]} e6
{[%clk 0:15:25]} 3. e4 {[%clk 0:15:30]} d5 {[%clk 0:15:32]} 4. e5
{[%clk 0:15:33]} h6 {[%clk 0:15:39]} 5. Be3 {[%clk 0:15:27]} Nfd7
{[%clk 0:15:14]} 6. f4 {[%clk 0:14:47]} c5 {[%clk 0:15:11]} 7. c3
{[%clk 0:14:48]} Nc6 {[%clk 0:14:24]} 8. Nf3 {[%clk 0:14:50]} Be7
{[%clk 0:14:01]} 9. Nbd2 {[%clk 0:13:05]} g5 {[%clk 0:13:06]} 10. Nb3
{[%clk 0:12:16]} c4 {[%clk 0:10:17]} 11. Nc1 {[%clk 0:12:05]} Nf8
{[%clk 0:10:09]} 12. Ne2 {[%clk 0:10:53]} Ng6 {[%clk 0:09:21]} 13. g4
{[%clk 0:10:00]} h5 {[%clk 0:06:52]} 14. gxh5 {[%clk 0:08:25]} Nxf4
{[%clk 0:06:28]} 15. Nxf4 {[%clk 0:08:32]} gxf4 {[%clk 0:06:36]} 16. Bxf4
{[%clk 0:08:40]} Rxh5 {[%clk 0:06:23]} 17. h4 {[%clk 0:07:37]} Bd7
{[%clk 0:01:15]} 18. Be2 {[%clk 0:06:53]} Qb6 {[%clk 0:00:42]} 19. Qd2
{[%clk 0:05:32]} O-O-O {[%clk 0:00:45]} 20. Ng5 {[%clk 0:04:50]} Rhh8
{[%clk 0:00:54]} 21. Nxf7 {[%clk 0:03:28]} Rxh4 {[%clk 0:00:52]} 22. O-O-O
{[%clk 0:03:35]} Rf8 {[%clk 0:00:16]} 23. Nd6+ {[%clk 0:02:57]} Kb8
{[%clk 0:00:25]} 24. Rxh4 {[%clk 0:03:00]} Bxh4 {[%clk 0:00:34]} 25. Rh1
{[%clk 0:02:49]} Be7 {[%clk 0:00:20]} 26. Rh7 {[%clk 0:02:44]} Qd8
{[%clk 0:00:23]} 27. Nf7 {[%clk 0:02:10]} Rxf7 {[%clk 0:00:21]} 28. Rxf7
{[%clk 0:02:17]} Qg8 {[%clk 0:00:30]} 29. Rf6 {[%clk 0:01:12]} Bxf6
{[%clk 0:00:23]} 30. exf6+ {[%clk 0:01:20]} Ka8 {[%clk 0:00:12]} 31. Qe3
{[%clk 0:00:46]} Be8 {[%clk 0:00:17]} 32. b3 {[%clk 0:00:42]} cxb3
{[%clk 0:00:20]} 33. axb3 {[%clk 0:00:51]} Bf7 {[%clk 0:00:27]} 34. Bg5
{[%clk 0:00:39]} a6 {[%clk 0:00:17]} 35. Kb2 {[%clk 0:00:46]} Qg6
{[%clk 0:00:21]} 36. Qf4 {[%clk 0:00:45]} Qh7 {[%clk 0:00:15]} 37. Bh4
{[%clk 0:00:44]} Qg6 {[%clk 0:00:16]} 38. Bg3 {[%clk 0:00:52]} Ka7
{[%clk 0:00:13]} 39. b4 {[%clk 0:00:59]} Qg8 {[%clk 0:00:15]} 40. b5
{[%clk 0:01:01]} axb5 {[%clk 0:00:23]} 41. Bxb5 {[%clk 0:01:09]} Qd8
{[%clk 0:00:31]} 42. Bf2 {[%clk 0:00:26]} Qb6 {[%clk 0:00:32]} 43. c4
{[%clk 0:00:35]} Ka8 {[%clk 0:00:38]} 44. Qd6 {[%clk 0:00:21]} dxc4
{[%clk 0:00:40]} 45. Qf8+ {[%clk 0:00:30]} Ka7 {[%clk 0:00:37]} 46. Qa3+
{[%clk 0:00:26]} Na5 {[%clk 0:00:15]} 47. Qc5 {[%clk 0:00:34]} Qxc5
{[%clk 0:00:18]} 48. dxc5 {[%clk 0:00:43]} Kb8 {[%clk 0:00:23]} 49. Kc3
{[%clk 0:00:49]} e5 {[%clk 0:00:19]} 50. Bg3 {[%clk 0:00:56]} Kc8
{[%clk 0:00:11]} 51. Bxe5 {[%clk 0:01:04]} Nc6 {[%clk 0:00:16]} 52. Bd6
{[%clk 0:01:10]} Kd7 {[%clk 0:00:18]} 53. Be7 {[%clk 0:00:22]} Bd5
{[%clk 0:00:15]} 54. Bf8 {[%clk 0:00:21]} Ke8 {[%clk 0:00:11]} 55. Bh6
{[%clk 0:00:22]} Kf7 {[%clk 0:00:19]} 56. Bg5 {[%clk 0:00:29]} Ne5
{[%clk 0:00:21]} 57. Kd4 {[%clk 0:00:32]} Ke6 {[%clk 0:00:31]} 58. f7
{[%clk 0:00:16]} Nf3+ {[%clk 0:00:30]} 59. Kc3 {[%clk 0:00:18]} Kxf7
{[%clk 0:00:38]} 60. Bf4 {[%clk 0:00:24]} Ke6 {[%clk 0:00:46]} 61. Bxc4
{[%clk 0:00:27]} Bxc4 {[%clk 0:00:54]} 62. Kxc4 {[%clk 0:00:35]} Kd7
{[%clk 0:01:02]} 63. Kd5 {[%clk 0:00:44]} Nh4 {[%clk 0:01:05]} 64. Be3
{[%clk 0:00:47]} 1/2-1/2

[Event "Russian Rapid Championship (m)"]
[Site "Sochi"]
[Date "2022.10.15"]
[Round "1.19"]
[White "Sharapan, Dmitry"]
[Black "Demidov, Mikhail"]
[Result "0-1"]
[BlackElo "2488"]
[WhiteElo "2022"]
[LiveChessVersion "1.4.8"]

1. e4 {[%clk 0:15:19]} Nf6 {[%clk 0:15:18]} 2. e5 {[%clk 0:15:28]} Nd5
{[%clk 0:15:26]} 3. d4 {[%clk 0:15:36]} d6 {[%clk 0:15:34]} 4. Nf3
{[%clk 0:15:45]} Nb6 {[%clk 0:15:42]} 5. Bf4 {[%clk 0:15:53]} g6 {[%clk 0:15:48]}
6. Qd2 {[%clk 0:16:01]} Bg4 {[%clk 0:15:38]} 7. Nc3 {[%clk 0:15:56]} Bg7
{[%clk 0:14:39]} 8. O-O-O {[%clk 0:15:45]} dxe5 {[%clk 0:12:39]} 9. dxe5
{[%clk 0:15:35]} Qxd2+ {[%clk 0:12:25]} 10. Rxd2 {[%clk 0:15:41]} c6
{[%clk 0:10:51]} 11. Be2 {[%clk 0:14:23]} N8d7 {[%clk 0:10:50]} 12. Ng5
{[%clk 0:13:37]} Bxe5 {[%clk 0:09:11]} 13. Bxe5 {[%clk 0:13:20]} Nxe5
{[%clk 0:09:16]} 14. f4 {[%clk 0:12:50]} Bxe2 {[%clk 0:09:17]} 15. fxe5
{[%clk 0:11:25]} Bg4 {[%clk 0:09:12]} 16. e6 {[%clk 0:10:49]} Bxe6
{[%clk 0:08:15]} 17. Nxe6 {[%clk 0:10:29]} fxe6 {[%clk 0:08:23]} 18. Rf1
{[%clk 0:10:23]} Nd7 {[%clk 0:06:43]} 19. Ne4 {[%clk 0:10:09]} h6
{[%clk 0:06:18]} 20. Rf3 {[%clk 0:09:21]} O-O-O {[%clk 0:04:52]} 21. Rf7
{[%clk 0:04:34]} Rhf8 {[%clk 0:04:45]} 22. Rdf2 {[%clk 0:04:29]} Nf6
{[%clk 0:03:48]} 23. Rxf8 {[%clk 0:04:36]} Rxf8 {[%clk 0:03:56]} 24. Nc5
{[%clk 0:04:45]} Nd7 {[%clk 0:03:39]} 25. Rxf8+ {[%clk 0:04:40]} Nxf8
{[%clk 0:03:47]} 26. Kd2 {[%clk 0:04:47]} b6 {[%clk 0:03:53]} 27. Nd3
{[%clk 0:04:50]} Kc7 {[%clk 0:03:02]} 28. Ne5 {[%clk 0:04:26]} Kd6
{[%clk 0:02:07]} 29. Nf7+ {[%clk 0:04:24]} Kd5 {[%clk 0:02:16]} 30. Nxh6
{[%clk 0:04:14]} e5 {[%clk 0:02:22]} 31. Ke3 {[%clk 0:03:42]} Ke6
{[%clk 0:02:24]} 32. g4 {[%clk 0:02:43]} Nh7 {[%clk 0:02:04]} 33. h4
{[%clk 0:02:35]} Nf6 {[%clk 0:01:11]} 34. g5 {[%clk 0:02:18]} Ne8
{[%clk 0:01:14]} 35. Ng8 {[%clk 0:00:48]} Nd6 {[%clk 0:01:13]} 36. Kf3
{[%clk 0:00:46]} Nf5 {[%clk 0:01:14]} 37. Kg4 {[%clk 0:00:32]} e4
{[%clk 0:00:29]} 38. Kf4 {[%clk 0:00:24]} Nxh4 {[%clk 0:00:36]} 39. Kxe4
{[%clk 0:00:27]} Nf5 {[%clk 0:00:44]} 40. c4 {[%clk 0:00:16]} Kf7
{[%clk 0:00:39]} 41. Nh6+ {[%clk 0:00:24]} Nxh6 {[%clk 0:00:47]} 42. gxh6 0-1

[Event "Russian Rapid Championship (m)"]
[Site "Sochi"]
[Date "2022.10.15"]
[Round "1.20"]
[White "Iljin, Timofey"]
[Black "Indzhiev, Aldar"]
[Result "1-0"]
[BlackElo "2015"]
[WhiteElo "2488"]
[LiveChessVersion "1.4.8"]

1. d4 {[%clk 0:13:01]} Nf6 {[%clk 0:15:07]} 2. c4 {[%clk 0:13:10]} e6
{[%clk 0:15:15]} 3. Nc3 {[%clk 0:13:19]} Bb4 {[%clk 0:15:24]} 4. e3
{[%clk 0:13:28]} O-O {[%clk 0:15:31]} 5. a3 {[%clk 0:13:38]} Bxc3+
{[%clk 0:15:38]} 6. bxc3 {[%clk 0:13:47]} Nc6 {[%clk 0:15:46]} 7. Bd3
{[%clk 0:13:55]} e5 {[%clk 0:15:51]} 8. Ne2 {[%clk 0:14:04]} e4 {[%clk 0:15:58]}
9. Bc2 {[%clk 0:14:13]} b6 {[%clk 0:16:06]} 10. O-O {[%clk 0:14:12]} Ba6
{[%clk 0:16:12]} 11. f3 {[%clk 0:14:09]} Qe7 {[%clk 0:16:18]} 12. Ng3
{[%clk 0:14:16]} Bxc4 {[%clk 0:16:23]} 13. fxe4 {[%clk 0:13:30]} Bxf1
{[%clk 0:16:29]} 14. Qxf1 {[%clk 0:13:39]} d6 {[%clk 0:16:36]} 15. Qf4
{[%clk 0:13:24]} Qd8 {[%clk 0:13:33]} 16. Bd2 {[%clk 0:13:17]} Ne7
{[%clk 0:13:37]} 17. Rf1 {[%clk 0:13:16]} Ng6 {[%clk 0:13:35]} 18. Qf3
{[%clk 0:13:21]} Nd7 {[%clk 0:05:42]} 19. c4 {[%clk 0:13:10]} c5 {[%clk 0:05:05]}
20. Qe2 {[%clk 0:10:52]} Rc8 {[%clk 0:03:15]} 21. Bd3 {[%clk 0:10:57]} Nb8
{[%clk 0:01:06]} 22. Bc3 {[%clk 0:09:37]} Nc6 {[%clk 0:01:14]} 23. h3
{[%clk 0:08:16]} b5 {[%clk 0:01:24]} 24. cxb5 {[%clk 0:05:16]} cxd4
{[%clk 0:01:32]} 25. exd4 {[%clk 0:05:26]} Nce5 {[%clk 0:01:40]} 26. Ba1
{[%clk 0:05:27]} Nxd3 {[%clk 0:01:36]} 27. Qxd3 {[%clk 0:05:36]} Qg5
{[%clk 0:01:29]} 28. Kh2 {[%clk 0:05:03]} Rc1 {[%clk 0:00:58]} 29. Rf5
{[%clk 0:05:03]} Qe7 {[%clk 0:00:24]} 30. Bb2 {[%clk 0:05:12]} Rc7
{[%clk 0:00:19]} 31. Rf2 {[%clk 0:04:10]} Nh4 {[%clk 0:00:18]} 32. a4
{[%clk 0:03:04]} Rfc8 {[%clk 0:00:26]} 33. a5 {[%clk 0:02:00]} Rc4
{[%clk 0:00:29]} 34. d5 {[%clk 0:02:01]} f6 {[%clk 0:00:18]} 35. Bd4
{[%clk 0:01:40]} Qd7 {[%clk 0:00:22]} 36. b6 {[%clk 0:01:45]} axb6
{[%clk 0:00:24]} 37. axb6 {[%clk 0:01:55]} Rb4 {[%clk 0:00:17]} 38. Nh5
{[%clk 0:02:00]} Rf8 {[%clk 0:00:17]} 39. Qc3 {[%clk 0:01:25]} Rb1
{[%clk 0:00:13]} 40. Qc6 {[%clk 0:01:16]} Qe7 {[%clk 0:00:15]} 41. Ng3
{[%clk 0:00:57]} Ng6 {[%clk 0:00:19]} 42. Qc2 {[%clk 0:01:00]} Rb5
{[%clk 0:00:20]} 43. Nf5 {[%clk 0:01:08]} Qd8 {[%clk 0:00:19]} 44. Qc6
{[%clk 0:01:16]} Rb1 {[%clk 0:00:23]} 45. Rc2 {[%clk 0:00:33]} Ne5
{[%clk 0:00:19]} 46. Qxd6 {[%clk 0:00:41]} Qe8 {[%clk 0:00:14]} 47. Qe6+
{[%clk 0:00:42]} Qxe6 {[%clk 0:00:16]} 48. dxe6 {[%clk 0:00:51]} Re8
{[%clk 0:00:25]} 49. Nd6 {[%clk 0:00:51]} Rb8 {[%clk 0:00:12]} 50. e7
{[%clk 0:00:59]} Nd7 {[%clk 0:00:17]} 51. e8=Q+ {[%clk 0:00:49]} Rxe8
{[%clk 0:00:26]} 52. Nxe8 {[%clk 0:00:57]} Nxb6 {[%clk 0:00:35]} 53. Rc7
{[%clk 0:01:02]} Rb4 {[%clk 0:00:11]} 54. Rxg7+ {[%clk 0:00:41]} Kh8
{[%clk 0:00:20]} 55. Bxf6 {[%clk 0:00:45]} h5 {[%clk 0:00:25]} 56. Nd6
{[%clk 0:00:42]} 1-0

[Event "Russian Rapid Championship (m)"]
[Site "Sochi"]
[Date "2022.10.15"]
[Round "2.1"]
[White "Artemiev, Vladislav"]
[Black "Sutormin, Danila"]
[Result "1-0"]
[BlackElo "2363"]
[WhiteElo "2710"]
[LiveChessVersion "1.4.8"]

1. d4 {[%clk 0:15:15]} Nf6 {[%clk 0:13:19]} 2. Nf3 {[%clk 0:15:19]} g6
{[%clk 0:13:24]} 3. g3 {[%clk 0:15:27]} Bg7 {[%clk 0:13:33]} 4. Bg2
{[%clk 0:15:35]} O-O {[%clk 0:13:40]} 5. O-O {[%clk 0:15:42]} d5 {[%clk 0:13:38]}
6. c4 {[%clk 0:15:46]} c6 {[%clk 0:13:46]} 7. b3 {[%clk 0:15:43]} dxc4
{[%clk 0:13:34]} 8. bxc4 {[%clk 0:15:50]} c5 {[%clk 0:13:41]} 9. Bb2
{[%clk 0:15:58]} Qb6 {[%clk 0:13:43]} 10. Qc1 {[%clk 0:15:24]} Ne4
{[%clk 0:11:35]} 11. Nbd2 {[%clk 0:14:05]} Nxd2 {[%clk 0:09:06]} 12. Qxd2
{[%clk 0:14:13]} Rd8 {[%clk 0:07:20]} 13. Ba3 {[%clk 0:14:10]} Nc6
{[%clk 0:06:17]} 14. Bxc5 {[%clk 0:08:45]} Nxd4 {[%clk 0:05:38]} 15. Bxb6
{[%clk 0:08:46]} Nxf3+ {[%clk 0:05:46]} 16. Bxf3 {[%clk 0:08:55]} Rxd2
{[%clk 0:05:54]} 17. Be3 {[%clk 0:09:03]} Rc2 {[%clk 0:04:29]} 18. Rfc1
{[%clk 0:06:41]} Bxa1 {[%clk 0:02:53]} 19. Rxc2 {[%clk 0:06:49]} Bf5
{[%clk 0:02:40]} 20. Rc1 {[%clk 0:06:06]} Bb2 {[%clk 0:02:45]} 21. Rd1
{[%clk 0:06:14]} Rc8 {[%clk 0:02:45]} 22. c5 {[%clk 0:04:48]} Rc7
{[%clk 0:00:35]} 23. Rd8+ {[%clk 0:00:46]} Kg7 {[%clk 0:00:44]} 24. Ra8
{[%clk 0:00:54]} Bh3 {[%clk 0:00:19]} 25. Be4 {[%clk 0:00:34]} Rd7
{[%clk 0:00:15]} 26. Bd3 {[%clk 0:00:38]} e5 {[%clk 0:00:18]} 27. Rxa7
{[%clk 0:00:29]} e4 {[%clk 0:00:18]} 28. Bc2 {[%clk 0:00:38]} Bd4
{[%clk 0:00:19]} 29. c6 {[%clk 0:00:40]} 1-0

[Event "Russian Rapid Championship (m)"]
[Site "Sochi"]
[Date "2022.10.15"]
[Round "2.2"]
[White "Gontcharov, Vladislav"]
[Black "Tomashevsky, Evgeny"]
[Result "0-1"]
[BlackElo "2631"]
[WhiteElo "2366"]
[LiveChessVersion "1.4.8"]

1. d4 {[%clk 0:15:15]} Nf6 {[%clk 0:15:17]} 2. c4 {[%clk 0:15:22]} e6
{[%clk 0:15:22]} 3. Nc3 {[%clk 0:15:27]} Bb4 {[%clk 0:15:29]} 4. e3
{[%clk 0:15:32]} b6 {[%clk 0:15:11]} 5. Bd3 {[%clk 0:13:51]} Bb7 {[%clk 0:15:15]}
6. Nf3 {[%clk 0:13:48]} O-O {[%clk 0:14:56]} 7. O-O {[%clk 0:13:53]} c5
{[%clk 0:14:59]} 8. Qe2 {[%clk 0:11:08]} Bxc3 {[%clk 0:13:26]} 9. bxc3
{[%clk 0:11:16]} Be4 {[%clk 0:13:34]} 10. Nd2 {[%clk 0:09:30]} Bxd3
{[%clk 0:12:57]} 11. Qxd3 {[%clk 0:09:38]} Nc6 {[%clk 0:10:52]} 12. f4
{[%clk 0:08:41]} d5 {[%clk 0:09:33]} 13. Ba3 {[%clk 0:08:17]} Qc7
{[%clk 0:08:31]} 14. dxc5 {[%clk 0:07:41]} Rfd8 {[%clk 0:08:40]} 15. Nf3
{[%clk 0:06:57]} Na5 {[%clk 0:08:01]} 16. cxd5 {[%clk 0:04:55]} Nxd5
{[%clk 0:08:09]} 17. Qe2 {[%clk 0:03:37]} Nxc3 {[%clk 0:06:19]} 18. Qe1
{[%clk 0:03:30]} Ne4 {[%clk 0:06:20]} 19. cxb6 {[%clk 0:03:17]} axb6
{[%clk 0:06:27]} 20. Bb2 {[%clk 0:03:24]} Nc4 {[%clk 0:05:57]} 21. Bd4
{[%clk 0:03:31]} b5 {[%clk 0:05:47]} 22. Qb4 {[%clk 0:02:11]} Qa5
{[%clk 0:04:03]} 23. Qe7 {[%clk 0:01:59]} Qa3 {[%clk 0:03:46]} 24. Qxa3
{[%clk 0:00:40]} Rxa3 {[%clk 0:03:54]} 25. Rfe1 {[%clk 0:00:48]} f6
{[%clk 0:03:40]} 26. Re2 {[%clk 0:00:49]} Rd5 {[%clk 0:03:41]} 27. Rb1
{[%clk 0:00:30]} e5 {[%clk 0:03:43]} 28. fxe5 {[%clk 0:00:31]} fxe5
{[%clk 0:03:52]} 29. Ba1 {[%clk 0:00:40]} Kf7 {[%clk 0:03:57]} 30. h3
{[%clk 0:00:25]} Ke6 {[%clk 0:04:05]} 31. Kh2 {[%clk 0:00:30]} h6
{[%clk 0:02:59]} 32. Rb3 {[%clk 0:00:26]} Rxb3 {[%clk 0:02:38]} 33. axb3
{[%clk 0:00:35]} Ncd2 {[%clk 0:02:47]} 34. b4 {[%clk 0:00:24]} Nf1+
{[%clk 0:02:13]} 35. Kg1 {[%clk 0:00:33]} Rd1 {[%clk 0:02:22]} 36. Re1
{[%clk 0:00:42]} Rxe1 {[%clk 0:02:29]} 37. Nxe1 {[%clk 0:00:51]} Nxe3
{[%clk 0:02:38]} 38. Nd3 {[%clk 0:00:43]} Nc4 {[%clk 0:02:36]} 39. Kf1
{[%clk 0:00:46]} h5 {[%clk 0:02:23]} 40. Ke2 {[%clk 0:00:53]} Kf5
{[%clk 0:02:25]} 41. Kf3 {[%clk 0:00:40]} Nf6 {[%clk 0:02:22]} 42. Nf2
{[%clk 0:00:25]} h4 {[%clk 0:02:12]} 43. Nd1 {[%clk 0:00:18]} Nd5
{[%clk 0:01:07]} 44. Bc3 {[%clk 0:00:25]} g5 {[%clk 0:01:00]} 45. Be1
{[%clk 0:00:28]} e4+ {[%clk 0:01:03]} 46. Kf2 {[%clk 0:00:15]} Ne5
{[%clk 0:00:56]} 47. Ne3+ 0-1

[Event "Russian Rapid Championship (m)"]
[Site "Sochi"]
[Date "2022.10.15"]
[Round "2.3"]
[White "Grachev, Boris"]
[Black "Remizov, Yaroslav"]
[Result "1-0"]
[BlackElo "2355"]
[WhiteElo "2612"]
[LiveChessVersion "1.4.8"]

1. Nf3 {[%clk 0:15:01]} d5 {[%clk 0:15:18]} 2. e3 {[%clk 0:15:04]} Nf6
{[%clk 0:15:20]} 3. c4 {[%clk 0:15:11]} e6 {[%clk 0:15:28]} 4. Nc3
{[%clk 0:15:16]} Be7 {[%clk 0:15:21]} 5. b3 {[%clk 0:15:20]} c5 {[%clk 0:15:20]}
6. Bb2 {[%clk 0:15:06]} Nc6 {[%clk 0:15:24]} 7. cxd5 {[%clk 0:15:12]} exd5
{[%clk 0:15:32]} 8. d4 {[%clk 0:15:21]} O-O {[%clk 0:15:18]} 9. Be2
{[%clk 0:15:27]} cxd4 {[%clk 0:14:30]} 10. Nxd4 {[%clk 0:15:33]} Bc5
{[%clk 0:14:28]} 11. Nxc6 {[%clk 0:15:15]} bxc6 {[%clk 0:14:37]} 12. O-O
{[%clk 0:15:22]} Bd6 {[%clk 0:14:00]} 13. Rc1 {[%clk 0:14:50]} Qe7
{[%clk 0:12:28]} 14. Na4 {[%clk 0:14:37]} Bd7 {[%clk 0:12:07]} 15. Qd4
{[%clk 0:13:22]} Rfe8 {[%clk 0:12:13]} 16. Qh4 {[%clk 0:11:12]} Ne4
{[%clk 0:11:39]} 17. Qxe7 {[%clk 0:11:19]} Rxe7 {[%clk 0:11:48]} 18. Bd4
{[%clk 0:10:53]} Ba3 {[%clk 0:09:52]} 19. Bb2 {[%clk 0:10:49]} Bxb2
{[%clk 0:07:04]} 20. Nxb2 {[%clk 0:10:57]} c5 {[%clk 0:07:13]} 21. Rfd1
{[%clk 0:10:48]} d4 {[%clk 0:07:21]} 22. Bf3 {[%clk 0:09:08]} Rae8
{[%clk 0:07:19]} 23. Bxe4 {[%clk 0:07:36]} Rxe4 {[%clk 0:07:27]} 24. Nc4
{[%clk 0:07:25]} R4e6 {[%clk 0:05:48]} 25. h3 {[%clk 0:07:14]} Rg6
{[%clk 0:05:31]} 26. exd4 {[%clk 0:06:14]} Bxh3 {[%clk 0:04:31]} 27. Ne3
{[%clk 0:06:23]} f5 {[%clk 0:03:29]} 28. Kh2 {[%clk 0:05:03]} f4 {[%clk 0:03:36]}
29. gxh3 {[%clk 0:03:24]} fxe3 {[%clk 0:03:40]} 30. dxc5 {[%clk 0:03:28]} exf2
{[%clk 0:01:06]} 31. Rc2 {[%clk 0:02:29]} Rf8 {[%clk 0:00:15]} 32. Rf1
{[%clk 0:02:34]} Rc6 {[%clk 0:00:15]} 33. b4 {[%clk 0:02:35]} Rb8
{[%clk 0:00:23]} 34. a3 {[%clk 0:02:14]} a5 {[%clk 0:00:28]} 35. Rcxf2
{[%clk 0:02:22]} axb4 {[%clk 0:00:37]} 36. axb4 {[%clk 0:02:32]} g5
{[%clk 0:00:46]} 37. Rg1 {[%clk 0:02:08]} Rxb4 {[%clk 0:00:38]} 38. Rxg5+
{[%clk 0:02:17]} Rg6 {[%clk 0:00:47]} 39. Rxg6+ {[%clk 0:02:23]} hxg6
{[%clk 0:00:56]} 40. Rc2 {[%clk 0:02:32]} Kf7 {[%clk 0:00:21]} 41. c6
{[%clk 0:02:40]} Rb8 {[%clk 0:00:29]} 42. c7 {[%clk 0:02:39]} Rc8
{[%clk 0:00:38]} 43. Kg3 {[%clk 0:02:48]} Ke6 {[%clk 0:00:12]} 44. Kg4
{[%clk 0:02:55]} Kf6 {[%clk 0:00:13]} 45. h4 {[%clk 0:02:57]} Kf7
{[%clk 0:00:12]} 46. Kg5 {[%clk 0:03:05]} Kg7 {[%clk 0:00:21]} 47. Rc1
{[%clk 0:03:09]} Kf7 {[%clk 0:00:17]} 48. Rc6 {[%clk 0:03:18]} Kg7
{[%clk 0:00:13]} 49. Rxg6+ {[%clk 0:03:25]} Kf7 {[%clk 0:00:23]} 50. Rc6
{[%clk 0:03:33]} Kg7 {[%clk 0:00:31]} 51. h5 {[%clk 0:03:38]} Kf7
{[%clk 0:00:40]} 52. h6 {[%clk 0:03:41]} Kg8 {[%clk 0:00:22]} 53. Kf6
{[%clk 0:03:44]} Kh7 {[%clk 0:00:24]} 54. Ke7 {[%clk 0:03:49]} 1-0

[Event "Russian Rapid Championship (m)"]
[Site "Sochi"]
[Date "2022.10.15"]
[Round "2.4"]
[White "Derjabin, Ilja"]
[Black "Sjugirov, Sanan"]
[Result "0-1"]
[BlackElo "2609"]
[WhiteElo "2342"]
[LiveChessVersion "1.4.8"]

1. d4 {[%clk 0:15:17]} Nf6 {[%clk 0:15:16]} 2. c4 {[%clk 0:15:25]} e6
{[%clk 0:15:23]} 3. Nc3 {[%clk 0:15:34]} Bb4 {[%clk 0:15:30]} 4. a3
{[%clk 0:15:40]} Bxc3+ {[%clk 0:15:38]} 5. bxc3 {[%clk 0:15:48]} b6
{[%clk 0:15:32]} 6. f3 {[%clk 0:15:55]} Bb7 {[%clk 0:15:35]} 7. e4
{[%clk 0:16:00]} d6 {[%clk 0:15:44]} 8. Bd3 {[%clk 0:16:03]} Nfd7
{[%clk 0:15:43]} 9. Ne2 {[%clk 0:16:04]} Qh4+ {[%clk 0:15:50]} 10. g3
{[%clk 0:16:03]} Qe7 {[%clk 0:15:58]} 11. O-O {[%clk 0:16:06]} Nc6
{[%clk 0:16:05]} 12. Ra2 {[%clk 0:15:48]} h5 {[%clk 0:15:53]} 13. h4
{[%clk 0:15:46]} Na5 {[%clk 0:15:46]} 14. Bg5 {[%clk 0:15:36]} f6
{[%clk 0:15:52]} 15. Be3 {[%clk 0:15:43]} O-O-O {[%clk 0:15:43]} 16. Nf4
{[%clk 0:15:18]} Qf7 {[%clk 0:15:39]} 17. d5 {[%clk 0:15:18]} Nf8
{[%clk 0:15:37]} 18. Rg2 {[%clk 0:12:13]} e5 {[%clk 0:15:14]} 19. Ne2
{[%clk 0:11:29]} Nd7 {[%clk 0:15:04]} 20. f4 {[%clk 0:11:26]} Qe8
{[%clk 0:13:42]} 21. Nc1 {[%clk 0:11:02]} Kb8 {[%clk 0:13:17]} 22. Nb3
{[%clk 0:10:08]} Nxb3 {[%clk 0:13:23]} 23. Qxb3 {[%clk 0:10:17]} g6
{[%clk 0:10:34]} 24. Qa4 {[%clk 0:08:01]} Rg8 {[%clk 0:10:08]} 25. Rgf2
{[%clk 0:07:37]} exf4 {[%clk 0:09:48]} 26. gxf4 {[%clk 0:07:16]} f5
{[%clk 0:09:35]} 27. Bd4 {[%clk 0:06:40]} fxe4 {[%clk 0:09:38]} 28. Re1
{[%clk 0:06:43]} Qe7 {[%clk 0:09:38]} 29. Rxe4 {[%clk 0:06:01]} Qxh4
{[%clk 0:09:44]} 30. Rg2 {[%clk 0:06:07]} Nc5 {[%clk 0:08:26]} 31. Bxc5
{[%clk 0:06:00]} dxc5 {[%clk 0:08:35]} 32. Qc2 {[%clk 0:04:37]} Qf6
{[%clk 0:08:42]} 33. Re6 {[%clk 0:03:30]} Qxf4 {[%clk 0:08:49]} 34. Rexg6
{[%clk 0:03:25]} Rxg6 {[%clk 0:08:51]} 35. Bxg6 {[%clk 0:03:34]} h4
{[%clk 0:08:49]} 36. Qe4 {[%clk 0:03:37]} Qc1+ {[%clk 0:08:45]} 37. Kh2
{[%clk 0:03:45]} Qxc3 {[%clk 0:08:27]} 38. Bf5 {[%clk 0:03:37]} Qh8
{[%clk 0:07:19]} 39. Rg4 {[%clk 0:03:07]} Bc8 {[%clk 0:06:56]} 40. Bxc8
{[%clk 0:02:47]} Rxc8 {[%clk 0:07:05]} 41. Rxh4 {[%clk 0:02:47]} Qb2+
{[%clk 0:07:11]} 42. Qg2 {[%clk 0:02:54]} Qf6 {[%clk 0:06:49]} 43. Qg3
{[%clk 0:02:26]} Re8 {[%clk 0:06:56]} 44. Rf4 {[%clk 0:01:23]} Re2+
{[%clk 0:06:36]} 45. Kh3 {[%clk 0:01:30]} Qh8+ {[%clk 0:06:36]} 46. Kg4
{[%clk 0:01:30]} Qg8+ {[%clk 0:06:39]} 47. Kh4 {[%clk 0:01:38]} Qh8+
{[%clk 0:06:14]} 48. Kg4 {[%clk 0:01:46]} Re8 {[%clk 0:06:19]} 0-1

[Event "Russian Rapid Championship (m)"]
[Site "Sochi"]
[Date "2022.10.15"]
[Round "2.5"]
[White "Savchenko, Boris"]
[Black "Saidov, Bilukhadzh"]
[Result "1-0"]
[BlackElo "2323"]
[WhiteElo "2605"]
[LiveChessVersion "1.4.8"]

1. c4 {[%clk 0:14:15]} e6 {[%clk 0:15:09]} 2. g3 {[%clk 0:14:22]} d5
{[%clk 0:15:14]} 3. Bg2 {[%clk 0:14:30]} Nf6 {[%clk 0:15:19]} 4. Nf3
{[%clk 0:14:37]} c5 {[%clk 0:14:58]} 5. O-O {[%clk 0:14:43]} Nc6 {[%clk 0:14:51]}
6. cxd5 {[%clk 0:14:27]} exd5 {[%clk 0:14:57]} 7. d4 {[%clk 0:14:35]} cxd4
{[%clk 0:15:02]} 8. Nxd4 {[%clk 0:14:40]} Be7 {[%clk 0:15:10]} 9. Nc3
{[%clk 0:14:36]} O-O {[%clk 0:15:11]} 10. Be3 {[%clk 0:14:35]} Bg4
{[%clk 0:15:15]} 11. Qa4 {[%clk 0:14:26]} Qd7 {[%clk 0:14:11]} 12. Rfd1
{[%clk 0:11:48]} Bh3 {[%clk 0:13:19]} 13. Rac1 {[%clk 0:11:12]} Bxg2
{[%clk 0:12:55]} 14. Kxg2 {[%clk 0:11:18]} Rfd8 {[%clk 0:12:56]} 15. h3
{[%clk 0:08:13]} h6 {[%clk 0:09:55]} 16. Qc2 {[%clk 0:06:23]} Rac8
{[%clk 0:09:14]} 17. Qf5 {[%clk 0:06:25]} Qe8 {[%clk 0:07:35]} 18. Nxc6
{[%clk 0:06:10]} bxc6 {[%clk 0:06:31]} 19. Bxa7 {[%clk 0:04:07]} Bb4
{[%clk 0:03:41]} 20. Bb6 {[%clk 0:03:13]} Rd6 {[%clk 0:03:20]} 21. Nb5
{[%clk 0:02:16]} Rd7 {[%clk 0:01:57]} 22. Bd4 {[%clk 0:01:26]} Ne4
{[%clk 0:00:18]} 23. Na7 {[%clk 0:01:17]} Rxa7 {[%clk 0:00:12]} 24. Bxa7
{[%clk 0:01:24]} Ra8 {[%clk 0:00:17]} 25. a3 {[%clk 0:00:34]} Bd2
{[%clk 0:00:22]} 26. Bd4 {[%clk 0:00:20]} Bxc1 {[%clk 0:00:20]} 27. Rxc1
{[%clk 0:00:28]} Ng5 {[%clk 0:00:20]} 28. e3 {[%clk 0:00:14]} Ne6
{[%clk 0:00:25]} 29. Be5 {[%clk 0:00:21]} c5 {[%clk 0:00:29]} 30. Qg4
{[%clk 0:00:22]} Ra4 {[%clk 0:00:33]} 31. b4 {[%clk 0:00:20]} Ng5
{[%clk 0:00:25]} 32. f4 {[%clk 0:00:18]} Rxa3 {[%clk 0:00:18]} 33. Rxc5
{[%clk 0:00:19]} Ra2+ {[%clk 0:00:26]} 34. Kf1 {[%clk 0:00:13]} Ne6
{[%clk 0:00:14]} 35. h4 {[%clk 0:00:12]} Qa8 {[%clk 0:00:12]} 36. Bxg7
{[%clk 0:00:18]} h5 {[%clk 0:00:19]} 37. Qxh5 {[%clk 0:00:25]} Nxg7
{[%clk 0:00:21]} 38. Qxd5 {[%clk 0:00:33]} Qe8 {[%clk 0:00:12]} 39. Qxa2
{[%clk 0:00:39]} Qxe3 {[%clk 0:00:20]} 40. Rc8+ {[%clk 0:00:37]} Kh7
{[%clk 0:00:28]} 41. Qc2+ {[%clk 0:00:45]} f5 {[%clk 0:00:33]} 42. Rc3
{[%clk 0:00:53]} 1-0